Statistics for Countries by Area - M

Click here to take the quiz!

General Stats

  • This quiz has been taken 38 times
  • The average score is 15 of 18

Answer Stats

CountryArea (sq. km)% Correct
Mauritania1,030,700
94%
Mexico1,964,375
94%
Mali1,240,000
92%
Mauritius1,860
92%
Mongolia1,565,000
92%
Madagascar587,040
86%
Monaco1.95
86%
Macedonia25,333
83%
Maldives300
83%
Malta316
83%
Moldova33,843
83%
Montenegro13,812
81%
Malawi118,480
78%
Marshall Islands181
78%
Morocco446,550
78%
Mozambique801,590
78%
Malaysia329,750
72%
Myanmar678,500
69%

Score Distribution

Percentile by Number Answered

Percent of People with Each Score

Your Score History

You have not taken this quiz